000
00308nam a2200157Ia 4500
100
_a
Hallliday/David
250
_a
5
942
_c
BK
654
_a
Physics
245
_a
Fundamenals of Physics
260
_b
Wiley
_c
1997
082
_a
539
_b
HAL/RES
300
_a
1142
546
_a
ENGLISH
999
_c
29831
_d
29831